Posudzovanie environmentálnej podnikovej výkonnosti v rámci systému environmentálneho manažérstva bakalárska práca

Saved in:
Bibliographic Details
Main Author: Mikušová, Kristína
Corporate Author: Podnikovohospodárska fakulta EU so sídlom v Košiciach. Katedra manažmentu
Other Authors: Majerník, Milan
Format: Book
Language:Slovak
Published: Košice 2015
Tags: Add Tag
No Tags, Be the first to tag this record!

MARC

LEADER 00000nbm a2200000 4500
001 0202245
005 20161212094451.4
041 0 |a slo 
044 |a SK 
245 1 0 |a Posudzovanie environmentálnej podnikovej výkonnosti v rámci systému environmentálneho manažérstva  |b bakalárska práca  |c Kristína Mikušová ; školiteľ: Milan Majerník 
264 1 |a Košice  |c 2015 
300 |a 58 s. 
100 1 |a Mikušová, Kristína 
700 1 |a Majerník, Milan 
710 2 |a Podnikovohospodárska fakulta EU so sídlom v Košiciach. Katedra manažmentu